Khảo sát mầm bệnh trên cá Lóc (Channa Striata) nuôi ao thâm canh : Báo cáo tổng kết đề tài khoa học và công nghệ cấp Trường

Đề tài thực hiện để xác định một số mầm bệnh thường xuất hiện trên cá lóc nuôi ao thâm canh ở tỉnh Ang Giang và Đồng Tháp nhằm cung cấp dẫn liệu khoa học hỗ trợ cho việc quản lý và chăm sóc sức khỏe cá lóc nuôi....

Cur síos iomlán

Đã lưu trong:
Sonraí Bibleagrafaíochta
Príomhúdar: Phạm, Minh Đức
Formáid: Leabhar
Teanga:Undetermined
Foilsithe: Cần Thơ Trường Đại học Cần Thơ 2015
Ábhair:
Clibeanna: Cuir Clib Leis
Gan Chlibeanna, Bí ar an gcéad duine leis an taifead seo a chlibeáil!
Thư viện lưu trữ: Trung tâm Học liệu Trường Đại học Cần Thơ
LEADER 01285nam a2200241Ia 4500
001 CTU_210457
008 210402s9999 xx 000 0 und d
082 |a 639.31 
082 |b Đ552 
088 |a TCN2015-06 
100 |a Phạm, Minh Đức 
245 0 |a Khảo sát mầm bệnh trên cá Lóc (Channa Striata) nuôi ao thâm canh : 
245 0 |b Báo cáo tổng kết đề tài khoa học và công nghệ cấp Trường 
245 0 |c Phạm Minh Đức (chủ nhiệm đề tài) 
260 |a Cần Thơ 
260 |b Trường Đại học Cần Thơ 
260 |c 2015 
520 |a Đề tài thực hiện để xác định một số mầm bệnh thường xuất hiện trên cá lóc nuôi ao thâm canh ở tỉnh Ang Giang và Đồng Tháp nhằm cung cấp dẫn liệu khoa học hỗ trợ cho việc quản lý và chăm sóc sức khỏe cá lóc nuôi. 
650 |a Fish culture,Freshwater fishes,Cá nước ngọt,Kỹ thuật nuôi cá,Cá nước ngọt,Freshwater fishes 
650 |x Diseases,Bệnh 
904 |i trần hoàng phúc,Qhieu 
915 |a TS 
980 |a Trung tâm Học liệu Trường Đại học Cần Thơ